书目信息 |
| 题名: |
表面活性剂应用大全
|
|
| 作者: | 刘程 编著 | |
| 分册: | ||
| 出版信息: | 北京 北京工业大学出版社 1992.12 |
|
| 页数: | 621页 | |
| 开本: | 16开 | |
| 丛书名: | ||
| 单 册: | ||
| 中图分类: | O647.2 | |
| 科图分类: | ||
| 主题词: | 物理化学 , 量子化学 | |
| 电子资源: | ||
| ISBN: | 7-5936-0209-5 | |
| 000 | 00593nam0 2200205 45 | |
| 001 | 0006211524 | |
| 005 | 20000621154139.1 | |
| 010 | @a7-5936-0209-5@d24.00元 | |
| 100 | @a20000621d1992 km y0chiy0120 ea | |
| 101 | 0 | @achi |
| 105 | @a z 000yy | |
| 200 | 1 | @a表面活性剂应用大全@ABiao Mian Huo Xing Ji Ying Yong Da Quan@f刘程等编著@FLiu Cheng Deng Bian Zhu |
| 210 | @a北京@c北京工业大学出版社@d1992.12 | |
| 215 | @a621页@d16开 | |
| 606 | 0 | @a物理化学 |
| 606 | 0 | @a量子化学 |
| 690 | @aO647.2@v3 | |
| 701 | 0 | @a刘程@4编著 |
| 801 | @aCN@bPftUser@c20000621 | |
| 905 | @b208811@dO647.2@eL.263@f1 | |
| 表面活性剂应用大全/刘程等编著.-北京:北京工业大学出版社,1992.12 |
| 621页;16开 |
| ISBN 7-5936-0209-5:24.00元 |
| ● |
| 相关链接 |
|
|
|
正题名:表面活性剂应用大全
索取号:O647.2/L.263
 
预约/预借
| 序号 | 登录号 | 条形码 | 馆藏地/架位号 | 状态 | 备注 |
| 1 | 208811 | 202088114 | 自科库401/401自科库 64排7列5层/ [索取号:O647.2/L.263] | 在馆 |